| 000 | 00000nam##2200000za#4500 |
| 001 | 9.648361 |
| 003 | CaOODSP |
| 005 | 20231123084323 |
| 007 | ta |
| 008 | 150407|2002||||xxc||||| f|0| 0 eng|d |
| 020 | |a0-662-31169-8 |
| 040 | |aCaOODSP|beng |
| 043 | |an-cn--- |
| 086 | 1 |aE2-171/2002E |
| 110 | 1 |aCanada. |bForeign Affairs and International Trade Canada. |
| 245 | 10|aCanadian performers: how to enter the United States |
| 260 | |aOttawa - Ontario : |bForeign Affairs and International Trade |c2002. |
| 300 | |a30p. : |breferences ; |c23 cm. |
| 563 | |aSoftcover |
| 590 | |a02-38|b2002-09-20 |
| 690 | 07|aCanadian-American relations|2gcpds |
| 690 | 07|aLabour law|2gcpds |
| 690 | 07|aPerforming arts|2gcpds |
| 690 | 07|aBorder crossing|2gcpds |
| 775 | 08|tSe produire aux États-Unis : |w(CaOODSP)9.681654 |
| 776 | 0#|tCanadian performers: how to enter the United States |w(CaOODSP)9.686340 |